Les Verbes Irréguliers Au Présent - Statistiques

Statistiques générales
  • Ce quiz a été pris 60 fois
  • Le résultat moyen est 122 sur 174
Statistiques - réponses
answers % Correct
a
100%
va
94%
allez
89%
allons
89%
croit
89%
vais
89%
vas
89%
vont
89%
ai
83%
as
83%
avez
83%
avons
83%
boit
83%
cours
83%
crois
83%
dit
83%
doit
83%
es
83%
est
83%
sont
83%
suis
83%
bois
78%
connaît
78%
courent
78%
courez
78%
courons
78%
court
78%
croyez
78%
croyons
78%
devez
78%
devons
78%
dis
78%
dois
78%
écrit
78%
fait
78%
lit
78%
met
78%
ont
78%
sommes
78%
boivent
72%
conduit
72%
connais
72%
connaissent
72%
connaissez
72%
connaissons
72%
croient
72%
disent
72%
disons
72%
doivent
72%
écris
72%
écrivez
72%
écrivons
72%
êtes
72%
fais
72%
lis
72%
lisent
72%
lisez
72%
lisons
72%
mets
72%
mettez
72%
mettons
72%
part
72%
peut
72%
peux
72%
prend
72%
sait
72%
sent
72%
sort
72%
tiens
72%
veut
72%
veux
72%
vient
72%
voit
72%
buvez
67%
buvons
67%
conduis
67%
conduisent
67%
conduisez
67%
conduisons
67%
écrivent
67%
faisons
67%
mettent
67%
ouvre
67%
pars
67%
partent
67%
partez
67%
partons
67%
peuvent
67%
pouvons
67%
prends
67%
prenons
67%
recevez
67%
recevons
67%
reçois
67%
sais
67%
savez
67%
savons
67%
sortons
67%
suit
67%
tenons
67%
tient
67%
venez
67%
venons
67%
viens
67%
voient
67%
vois
67%
voulez
67%
voulons
67%
faites
61%
font
61%
meurs
61%
meurt
61%
mourez
61%
ouvrent
61%
ouvres
61%
ouvrez
61%
ouvrons
61%
pouvez
61%
prenez
61%
prennent
61%
reçoit
61%
savent
61%
sentons
61%
servons
61%
sors
61%
sortent
61%
sortez
61%
suivent
61%
suivez
61%
suivons
61%
tenez
61%
tiennent
61%
viennent
61%
voyez
61%
voyons
61%
dites
56%
meurent
56%
mourons
56%
reçoivent
56%
sens
56%
sentent
56%
sentez
56%
servent
56%
servez
56%
veulent
56%
sers
50%
sert
50%
Aucun quiz correspondant
Distribution des résultats
% des personnes avec chaque résultat
Percentile par nombre de réponses
Votre historique - résultats
Vous n’avez pas pris ce quiz